| 000 -LEADER |
| fixed length control field |
00546nam a22002057a 4500 |
| 003 - CONTROL NUMBER IDENTIFIER |
| control field |
OSt |
| 005 - DATE AND TIME OF LATEST TRANSACTION |
| control field |
20250213162257.0 |
| 008 - FIXED-LENGTH DATA ELEMENTS--GENERAL INFORMATION |
| fixed length control field |
250213b ||||| |||| 00| 0 eng d |
| 040 ## - CATALOGING SOURCE |
| Transcribing agency |
imukc |
| 041 ## - LANGUAGE CODE |
| Language code of text/sound track or separate title |
eng |
| 082 ## - DEWEY DECIMAL CLASSIFICATION NUMBER |
| Classification number |
770.1 |
| Item number |
M3791 |
| 100 ## - MAIN ENTRY--PERSONAL NAME |
| 9 (RLIN) |
5746 |
| Personal name |
Martin, James |
| 245 ## - TITLE STATEMENT |
| Title |
How to photograph weddings / |
| Statement of responsibility, etc. |
James Martin |
| 250 ## - EDITION STATEMENT |
| Edition statement |
1st ed. |
| 260 ## - PUBLICATION, DISTRIBUTION, ETC. |
| Place of publication, distribution, etc. |
London : |
| Name of publisher, distributor, etc. |
Fountain Press, |
| Date of publication, distribution, etc. |
c1956. |
| 300 ## - PHYSICAL DESCRIPTION |
| Extent |
2 v. (F01817 & F01818) |
| 500 ## - GENERAL NOTE |
| General note |
Both F01817 & F01818 in a single book. |
| 650 #0 - SUBJECT ADDED ENTRY--TOPICAL TERM |
| 9 (RLIN) |
2991 |
| Topical term or geographic name entry element |
Photography |
| 942 ## - ADDED ENTRY ELEMENTS (KOHA) |
| Source of classification or shelving scheme |
|
| Koha item type |
Books |